Una crónica de intervenciones / (Record no. 1107)

MARC details
000 -LEADER
campo de control de longitud fija 01269nam a22003017a 4500
008 - DATOS DE LONGITUD FIJA--INFORMACIÓN GENERAL
campo de control de longitud fija 161203s2015 cr||||| |||| 00| 0 spa d
082 04 - NÚMERO DE LA CLASIFICACIÓN DECIMAL DEWEY
Número de clasificación 708
Número de ítem U542u
110 1# - ENTRADA PRINCIPAL--NOMBRE DE ENTIDAD CORPORATIVA
Nombre de entidad corporativa o nombre de jurisdicción como elemento de entrada Group Material.
9 (RLIN) 5657
245 14 - MENCIÓN DEL TÍTULO
Título Una crónica de intervenciones /
Mención de responsabilidad, etc. Group Material...[et. al.] ; curaduría por Inti Guerrero y Shoair Mavlian ; Tate Modern ; TEOR/ética.
250 ## - MENCION DE EDICION
Mención de edición 1a ed.
260 ## - PUBLICACIÓN, DISTRIBUCIÓN, ETC.
Lugar de publicación, distribución, etc. San José, Costa Rica :
Nombre del editor, distribuidor, etc. Tate Modern ; TEOT/ética,
Fecha de publicación, distribución, etc. 2015.
300 ## - DESCRIPCIÓN FÍSICA
Extensión 30 p.
Otras características físicas il. col.
500 ## - NOTA GENERAL
Nota general Catálogo publicado con motivo a la exposición "Una Crónica de Intervenciones", presentada en Project Space Tate Modern del 2 de mayo al 13 de julio del 2014; y en TEOR/ética del 2 de octubre del 2014 al 22 de febrero del 2015.
653 10 - TÉRMINO DE INDIZACIÓN--NO CONTROLADO
Término no controlado Arte contemporáneo
653 10 - TÉRMINO DE INDIZACIÓN--NO CONTROLADO
Término no controlado Catálogo de exhibición
653 10 - TÉRMINO DE INDIZACIÓN--NO CONTROLADO
Término no controlado Exhibición itinerante
653 10 - TÉRMINO DE INDIZACIÓN--NO CONTROLADO
Término no controlado Arte Latinoamericano
653 10 - TÉRMINO DE INDIZACIÓN--NO CONTROLADO
Término no controlado Artistas latinoamericanos
700 1# - ENTRADA AGREGADA--NOMBRE PERSONAL
Nombre de persona Castrellón, José.
9 (RLIN) 5658
700 1# - ENTRADA AGREGADA--NOMBRE PERSONAL
Nombre de persona Figueroa, Óscar.
9 (RLIN) 3779
700 1# - ENTRADA AGREGADA--NOMBRE PERSONAL
Nombre de persona Galindo, Regina José.
9 (RLIN) 5659
700 1# - ENTRADA AGREGADA--NOMBRE PERSONAL
Nombre de persona Ramírez-Figueroa, Naufus.
9 (RLIN) 5660
700 1# - ENTRADA AGREGADA--NOMBRE PERSONAL
Nombre de persona Siekmann, Andreas.
9 (RLIN) 5661
700 1# - ENTRADA AGREGADA--NOMBRE PERSONAL
Nombre de persona Stevenson, Michael.
9 (RLIN) 5662
700 1# - ENTRADA AGREGADA--NOMBRE PERSONAL
Nombre de persona Vélez, Humberto.
9 (RLIN) 3749
710 1# - ENTRADA AGREGADA--NOMBRE DE ENTIDAD CORPORATIVA
Nombre de entidad corporativa o nombre de jurisdicción como elemento de entrada Tate Modern.
9 (RLIN) 5663
710 1# - ENTRADA AGREGADA--NOMBRE DE ENTIDAD CORPORATIVA
Nombre de entidad corporativa o nombre de jurisdicción como elemento de entrada TEOR/ética.
9 (RLIN) 5471
Holdings
Estatus retirado Estado de pérdida Fuente del sistema de clasificación o colocación Estado de daño No para préstamo Biblioteca de origen Biblioteca actual Ubicación en estantería Fecha de adquisición Total de préstamos Signatura topográfica completa Código de barras Visto por última vez Precio de reemplazo Tipo de ítem Koha
    Clasificación Decimal Dewey     Biblioteca LadoV Biblioteca LadoV   03/12/2016   708 U542u 004302 03/12/2016 03/12/2016 Material 01